00930nam a2200241 i 4500001001000000003000900010005001700019007000300036008004100039040003000080082001400110245015200124246004400276264007000320300002600390336002700416337003300443338002800476700002800504700003000532700003600562710009000598000016616DO-SdBNP20250205101528.0ta100308s1986 dr a r 000 0 spa d aDO-SdBNPbspacBNPHUerda bD555e22200aDidáctica especial de la matemática /cCristina Cruz Fermín [et. al] ; coordinador Anania de León ; ilustración Julio César Martínez.14aDidáctica especial de la matemática aSanto Domingo :bDirección General de Medios Educativos,c1986. a209 paginas ;c24 cm. 2rdacontentatextobtxt 2rdamediaasin mediaciónbn 2rdacarrieravolumenbnc1 aCruz Fermín, Cristina1 aLeón, Anania de,ecoor.1 aMartínez, Julio César,eil.1 aRepública Dominicana.bSecretaría de Estado de Educación, Bellas Artes y Cultos